000 00677nam a22002172 4500
001 0000009316
005 20151217145849.0
008 080922s xx 000 0 eng d
020 _a0521334365 :
_cBSP 60
040 _aKABU
_cKABU
245 1 4 _aThe Division and segregation of organelles /
_cedited by Stephen A. Boffey, David Lloyd.
260 _aCambridge :
_bC. U. P.,
_c1988.
300 _axiii, 252 p.
650 0 _aCell organelles.
_@0000160529
650 0 _aCell division.
_@0000160530
700 1 _aBoffey, Stephen A.
_@0000160531
700 1 _aLloyd, David.
_@0000038046
908 _a080922
950 _@1
999 _c3445
_d3445